There is light at the end of the tunnel (Record no. 79395)
[ view plain ]
| 000 -LEADER | |
|---|---|
| fixed length control field | 01345cab a22002175a 4500 |
| 001 - CONTROL NUMBER | |
| control field | L140962 |
| 008 - FIXED-LENGTH DATA ELEMENTS--GENERAL INFORMATION | |
| fixed length control field | 071023e20071020xxk f 000 0 eng d |
| 035 ## - SYSTEM CONTROL NUMBER | |
| System control number | (Sirsi) u140962 |
| 041 0# - LANGUAGE CODE | |
| Language code of text/sound track or separate title | eng |
| 100 1# - MAIN ENTRY--PERSONAL NAME | |
| Personal name | Humphreys, Emma |
| 245 00 - TITLE STATEMENT | |
| Title | There is light at the end of the tunnel |
| 260 ## - PUBLICATION, DISTRIBUTION, ETC. | |
| Date of publication, distribution, etc. | 2007 |
| 490 #0 - SERIES STATEMENT | |
| Series statement | Estates Gazette |
| Volume/sequential designation | (0742) 20 October 2007, 287(1) |
| 520 ## - SUMMARY, ETC. | |
| Summary, etc. | In the situation of redeveloping a property, explains how to handle deeds with rights to light. Suggests seeking legal advice on the terms of the deed, explains how prescriptive rights to light are acquired, and considers provisions similar to those in "RHJ Ltd v FT Patten (Holdings) Ltd" ([2007] EWHC 1655 (Ch), L139811). Also advises that investigations concerning the property and relevant neighbourhood buildings are carried out to identify any other rights to light issues. In addition, a rights to light surveyor may be needed to identify any buildings that are in the process of acquiring prescriptive rights under the Prescription Act 1832. Concludes by briefly looking at development restrictions. |
| 590 ## - LOCAL NOTE (RLIN) | |
| Local note | KA |
| 650 24 - SUBJECT ADDED ENTRY--TOPICAL TERM | |
| Topical term or geographic name entry element | RHJ LTD V FT PATTEN (HOLDINGS) LTD AND ANOTHER |
| 650 24 - SUBJECT ADDED ENTRY--TOPICAL TERM | |
| Topical term or geographic name entry element | PRESCRIPTION ACT 1832 S3 |
| 651 #4 - SUBJECT ADDED ENTRY--GEOGRAPHIC NAME | |
| Geographic name | England and Wales |
| Chronological subdivision | 1543- |
| 690 ## - LOCAL SUBJECT ADDED ENTRY--TOPICAL TERM (OCLC, RLIN) | |
| Topical term or geographic name as entry element | PROPERTY-PROPERTY MANAGEMENT-EASEMENTS-RIGHTS TO LIGHT DETERMINATION |
| 942 ## - ADDED ENTRY ELEMENTS (KOHA) | |
| Suppress in OPAC | 0 |
| Withdrawn status | Lost status | Source of classification or shelving scheme | Damaged status | Not for loan | Home library | Current library | Shelving location | Date acquired | Total Checkouts | Full call number | Barcode | Date last seen | Copy number | Price effective from | Koha item type |
|---|---|---|---|---|---|---|---|---|---|---|---|---|---|---|---|
| Dewey Decimal Classification | London | London | Journal article | 23/10/2007 | L140962 | 140962-1001 | 06/08/2019 | 1 | 06/08/2019 | Journal article |